The noble scholar, jurist, historian


 His Excellency Dr. Abdul Wahhab bin Ibrahim Abu Sulaiman, may Allah have mercy on him.


 He was born in Umm Al-Qura in the year 1356 AH.

الكفالة في الفقه الاسلامي وبعض القوانين العربية : (Record no. 12577)

MARC details
000 -LEADER
fixed length control field 01184cam a2200289 i 4500
003 - CONTROL NUMBER IDENTIFIER
control field SA-RiAUC
005 - DATE AND TIME OF LATEST TRANSACTION
control field 20251015083332.0
008 - FIXED-LENGTH DATA ELEMENTS--GENERAL INFORMATION
fixed length control field 251009s2004 su g 000 0 ara c
020 ## - INTERNATIONAL STANDARD BOOK NUMBER
Canceled/invalid ISBN 0507449960
040 ## - CATALOGING SOURCE
Original cataloging agency SA-JeALM
Language of cataloging ara
Transcribing agency SA-RiAUC
Description conventions rda
043 ## - GEOGRAPHIC AREA CODE
Geographic area code ma-----
082 04 - DEWEY DECIMAL CLASSIFICATION NUMBER
Classification number 253.9006
090 ## - LOCALLY ASSIGNED LC-TYPE CALL NUMBER (OCLC); LOCAL CALL NUMBER (RLIN)
Classification number (OCLC) (R) ; Classification number, CALL (RLIN) (NR) 253.9006
Local cutter number (OCLC) ; Book number/undivided call number, CALL (RLIN) ع ل ا
100 1# - MAIN ENTRY--PERSONAL NAME
Personal name العلايلي، بهاء الدين
Relator term مؤلف.
245 12 - TITLE STATEMENT
Title الكفالة في الفقه الاسلامي وبعض القوانين العربية :
Remainder of title دراسة موازنة.
Statement of responsibility, etc. بهاء الدين العلايلي.
Name of part/section of a work الضمان الشخصي والعيني /
246 30 - VARYING FORM OF TITLE
Title proper/short title الضمان الشخصي والعيني
264 #1 - PRODUCTION, PUBLICATION, DISTRIBUTION, MANUFACTURE, AND COPYRIGHT NOTICE
Place of production, publication, distribution, manufacture الرياض :
Name of producer, publisher, distributor, manufacturer دار الشواف،
Date of production, publication, distribution, manufacture, or copyright notice 2004
300 ## - PHYSICAL DESCRIPTION
Extent 310 صفحة ؛
Dimensions 24 سم
336 ## - CONTENT TYPE
Content type term نص
Content type code txt
Source rdacontent
Materials specified كتاب
337 ## - MEDIA TYPE
Media type term بدون وسيط
Media type code n
Source rdamedia
338 ## - CARRIER TYPE
Carrier type term مجلد
Carrier type code nc
Source rdacarrier
650 #7 - SUBJECT ADDED ENTRY--TOPICAL TERM
Topical term or geographic name entry element الضمانات (فقه إسلامي)
Source of heading or term aucsh
650 #7 - SUBJECT ADDED ENTRY--TOPICAL TERM
Topical term or geographic name entry element الكفالة (فقه إسلامي)
Source of heading or term aucsh
650 #7 - SUBJECT ADDED ENTRY--TOPICAL TERM
Topical term or geographic name entry element الكفالة (قانون مدني)
Geographic subdivision البلاد العربية
Source of heading or term aucsh
942 ## - ADDED ENTRY ELEMENTS (KOHA)
Source of classification or shelving scheme Dewey Decimal Classification
Koha item type Books
Suppress in OPAC No
949 ## - LOCAL PROCESSING INFORMATION (OCLC)
a SA-JeALM
d 251009
u mohamedma123
n 1
Holdings
Withdrawn status Lost status Source of classification or shelving scheme Damaged status Not for loan Home library Current library Date acquired Total checkouts Full call number Barcode Date last seen Price effective from Koha item type
    Dewey Decimal Classification     DR AbdElwahab Library DR AbdElwahab Library 10/15/2025   253.9006 ع ل ا 000020300 10/15/2025 10/15/2025 Books